Netflix - Most Viewed Shows - Statistics

General Stats
  • This quiz has been taken 3,439 times
  • The average score is 5 of 15
Answer Stats
Series Description Series/Title % Correct
Follows the investigation into the disappearance of a young boy amid supernatural events occurring around the town including the appearance of a psychokinetic girl who helps the missing boy's friends in their own search. Stranger Things
94%
Follow a woman who was sentenced to 15 months for a crime committed in her youth as she adapts from living a comfortable New York City life to a life in the Litchfield Prison for Women. Orange Is The New Black
77%
Follows the political rivalries and romance of Queen Elizabeth II's reign and the events that shaped the second half of the 20th century. The Crown
53%
A chronicled look at the criminal exploits of Colombian drug lord Pablo Escobar, as well as the many other drug kingpins who plagued the country through the years. Narcos
48%
A television anthology series that shows the dark side of life and technology. It's a dark look at what could be, and a very deep look at the worst of human nature. Black Mirror
41%
Follow the story of Congressman Frank Underwood, a Democrat from South Carolina's 5th congressional district. After being passed over for appointment as Secretary of State, he initiates an elaborate plan to get himself into a position of greater power, aided by his wife. House of Cards
39%
Matthew Murdock, blinded by chemicals, is an attorney at day, and vigilante by night. He is trained in the martial arts, and feuds with criminals in Hell's Kitchen, and as he fights convicts throughout the city, he becomes a symbol of justice for a corrupted city Daredevil
38%
In an alternate world where humans and humanoid-esque animals live side by side, the washed-up star of the 1990s sitcom Horsin' Around, plans his big return to celebrity relevance with a tell-all autobiography that he dictates to his ghostwriter Diane Nguyen. BoJack Horseman
26%
Imprisoned by a cult leader as a teenager, Midwesterner Kimmy is freed after 15 years. Follow her story as she ventures to New York City. The Unbreakable Kimmy Schmidt
24%
Following the tragic end of her brief superhero career, as the leading lady tries to rebuild her life as a private investigator, dealing with cases involving people with remarkable abilities in New York City. Jessica Jones
22%
When a sabotaged experiment gives him super strength and unbreakable skin, the hero becomes a fugitive attempting to rebuild his life in Harlem and must soon confront his past and fight a battle for the heart of his city. Luke Cage
22%
A group of people around the world are suddenly linked mentally, and must find a way to survive being hunted by those who see them as a threat to the world's order. Sense 8
15%
Follow the story of the wealthy Bluth family who lost everything, And the one son who had no choice but to keep them all together. Arrested Development
14%
Filmed over a 10-year period, Steven Avery, a DNA exoneree who, while in the midst of exposing corruption in local law enforcement, finds himself the prime suspect in a grisly new crime. Viewers are taken inside a high-stakes criminal case where reputation is everything and things are never as they appear. Making A Murderer
9%
Dev is a 30 year-old actor, living in New York City. His life goes by in a humorous, yet meaningful sequence of events. Everything he does is usually related to hanging out with his three friends, finding a relationship, or getting ahead in his career. Master Of None
7%
No matching quizzes found
Score Distribution
Percent of People with Each Score
Percentile by Number Answered
Your Score History
You have not taken this quiz